300 Jahre Gräfe und Unzer
| Titel: | 300 Jahre Gräfe und Unzer |
|---|---|
| Teil: | Band 2. Illustrierte Chronik des Verlages von 1950 bis 2022 / Georg Kessler ; mit Beiträgen von Joachim Rau, Jördis Schmid-Meil, Hartwig Schneider und Jan Wiesemann |
| Verfasser: | |
| Ausgabe: | 1. Auflage |
| Veröffentlicht: | München : GRÄFE UND UNZER, 2022 |
| Umfang: | 184 Seiten : Illustrationen |
| Format: | Buch |
| Sprache: | Deutsch |
| Schriftenreihe/ mehrbändiges Werk: |
300 Jahre Gräfe und Unzer ; Band 2 alle Bände anzeigen
|
| ISBN: | 9783833887574 |
| Hinweise zum Inhalt: |
Inhaltsverzeichnis
|
alg: 50398269 001A $06000:21-01-23 001B $06000:21-01-23 $t12:16:46.000 001D $06000:21-01-23 001U $0utf8 001X $00 002@ $0Afx 002C $aText $btxt $2rdacontent 002D $aohne Hilfsmittel zu benutzen $bn $2rdamedia 002E $aBand $bnc $2rdacarrier 003@ $0503982695 004A $A978-3-8338-8757-4 $fGewebe in Behältnis : EUR 98.00 (DE), EUR 100.90 (AT), CHF 132.00 (freier Preis) 006G $01268872725 006U $023,A03 $f20220926 007A $01268872725 $aDNB 009P $qapplication/pdf $A2 $3Inhaltsverzeichnis $uhttps://d-nb.info/1268872725/04 $mB:DE-101 010@ $ager 010E $erda 011@ $a2022 $n2022 021A $aIllustrierte Chronik des Verlages von 1950 bis 2022 $hGeorg Kessler ; mit Beiträgen von Joachim Rau, Jördis Schmid-Meil, Hartwig Schneider und Jan Wiesemann 028C $BVerfasser $4aut $7142950947 $8Kessler, Georg$Z1957- [Tp3] $9229151329 032@ $a1. Auflage 033A $pMünchen $nGRÄFE UND UNZER 034D $a184 Seiten 034M $aIllustrationen 036C $a300 Jahre Gräfe und Unzer $x12 $lBand 2 036D $x12 $8300 Jahre Gräfe und Unzer : 1722-2022 $9503981672 044K $qDNB $#Gräfe-und-Unzer-Verlag $#GU $#Gräfe und Unzer Verlag GmbH $#Gräfe & Unzer, Buchhandlung $#Gräfe & Unzer's Verlag $#Gräfe & Unzer'sche Buch- und Antiquar-Handlung $#Gräfe und Unzer Edition $#Gräfe et Unzer $72030564-3 $8Gräfe und Unzer [Tb1] $9042830087 045E $c070 lok: 50398269 78 exp: 50398269 78 1 #EPN 201B/01 $016-03-26 $t13:38:18.000 201C/01 $016-03-26 201U/01 $0utf8 203@/01 $01337580961 208@/01 $a16-03-26 $be 209A/01 $a/ $f000 $x00 209A/01 $ab*p $x01 220C/01 $apgar 247C/01 $82080>Marburg/Lahn, Herder-Institut, Forschungsbibliothek, Bibliographieportal $9336309341
| LEADER | 00000cam a22000002cc4500 | ||
|---|---|---|---|
| 001 | 503982695 | ||
| 003 | DE-603 | ||
| 005 | 20230121121646.0 | ||
| 007 | tu | ||
| 008 | 230121s2022 xx |||| | u00||u|ger | ||
| 015 | |a 23,A03 |2 dnb | ||
| 016 | 7 | |2 DE-101 |a 1268872725 | |
| 020 | |a 9783833887574 |c Gewebe in Behältnis : EUR 98.00 (DE), EUR 100.90 (AT), CHF 132.00 (freier Preis) | ||
| 035 | |a (DE-599)DNB1268872725 | ||
| 040 | |a DE-603 |b ger |c DE-603 |d DE-603 |e rda | ||
| 041 | |a ger | ||
| 084 | |a 070 |q DE-101 |2 sdnb | ||
| 245 | 0 | 0 | |a 300 Jahre Gräfe und Unzer |n Band 2 |p Illustrierte Chronik des Verlages von 1950 bis 2022 / Georg Kessler ; mit Beiträgen von Joachim Rau, Jördis Schmid-Meil, Hartwig Schneider und Jan Wiesemann |
| 250 | |a 1. Auflage | ||
| 264 | 1 | |a München |b GRÄFE UND UNZER |c 2022 | |
| 300 | |a 184 Seiten |b Illustrationen | ||
| 336 | |a Text |b txt |2 rdacontent | ||
| 337 | |a ohne Hilfsmittel zu benutzen |b n |2 rdamedia | ||
| 338 | |a Band |b nc |2 rdacarrier | ||
| 610 | 1 | 7 | |a Gräfe und Unzer |2 gnd |0 (DE-588)2030564-3 |0 (DE-603)042830087 |
| 700 | 1 | |a Kessler, Georg |d 1957- |e Verfasser |4 aut |0 (DE-603)229151329 |0 (DE-588)142950947 |2 gnd | |
| 773 | 0 | 8 | |q 12 |w (DE-603)503981672 |
| 856 | 4 | 2 | |m B:DE-101 |q application/pdf |u https://d-nb.info/1268872725/04 |3 Inhaltsverzeichnis |
| 924 | 0 | |9 2080 |a (DE-603)1337580961 |b DE-2080 |c HES |d d |g / | |
alle Bände anzeigen

